000 00659nam a2200241Ia 4500
003 OSt
005 20220924113137.0
006 a|||||r|||| 00| 0
007 ta
008 220923b |||||||| |||| 00| 0 eng d
024 _a124260
037 _cDictionary
040 _aARTS
_cARTS
_beng
041 _2eng
_aeng
082 _aV63Lk, L7 (RR)
100 _aHaliburton G
_9169556
245 0 _aHistorical dictionary of Lesotho
260 _aMethuchesn
_bScarecrow
_c1977
490 _aAfrican historical dictionaries; 10
650 _aHISTORY
942 _hV63Lk, L7 (RR)
_cdic
_2cc
999 _c389356
_d389356